جمالك سيدتي بالأعشاب : (رقم التسجيلة. 16982)

تفاصيل مارك
000 -LEADER
fixed length control field 00687nam a22001817a 4500
005 - DATE AND TIME OF LATEST TRANSACTION
control field 20251108164910.0
008 - FIXED-LENGTH DATA ELEMENTS--GENERAL INFORMATION
fixed length control field 250721s1999 xx 000 0 ara d
082 14 - DEWEY DECIMAL CLASSIFICATION NUMBER
Classification number 646.72/أشق
100 1# - MAIN ENTRY--PERSONAL NAME
Personal name الأشقر، هيفاء محمد
245 10 - TITLE STATEMENT
Title جمالك سيدتي بالأعشاب :
Remainder of title أسهل الطرق للمحافظة على جمال المرأة و نضارتها و حيويتها /
264 1# - PRODUCTION, PUBLICATION, DISTRIBUTION, MANUFACTURE, AND COPYRIGHT NOTICE
Place of production, publication, distribution, manufacture الدار البيضاء :
Name of producer, publisher, distributor, manufacturer مكتبة السلام الجديدة،
Date of production, publication, distribution, manufacture, or copyright notice 1999.
650 17 - SUBJECT ADDED ENTRY--TOPICAL TERM
Topical term or geographic name as entry element علم الجمال
650 17 - SUBJECT ADDED ENTRY--TOPICAL TERM
Topical term or geographic name as entry element الطب الشعبي
650 17 - SUBJECT ADDED ENTRY--TOPICAL TERM
Topical term or geographic name as entry element الأعشاب الطبية
650 17 - SUBJECT ADDED ENTRY--TOPICAL TERM
Topical term or geographic name as entry element مستحضرات التجميل
942 ## - ADDED ENTRY ELEMENTS (KOHA)
Source of classification or shelving scheme Dewey Decimal Classification
Koha item type كتب
المقتنيات
حالة السحب حالة الفقدان مصدر التصنيف حالة التلف غير قابل للإعارة المكتبة الرئيسية المكتبة الحالية موقع الرف تاريخ التزويد الرقم المتسلسل Total Checkouts رقم الإستدعاء الباركود تاريخ آخر ظهور تاريخ الفاتورة نوع المادة (كوها)
    Dewey Decimal Classification     المكتبة المركزية المكتبة المركزية الإعارة 06/07/2004 339192   646.72/أشق 339192 28/07/2025 06/07/2004 كتب
Implemented & Customized by: BBB with SCIT (Smart Chains for Information Technology)

Powered by Koha